BIBLIOTHÈQUE DE LA MAISON DU MEXIQUE

Logo 1 Logo 2

Política y poder en México (notice nᵒ 18)

détails MARC
000 -Sello discográfico
campo de control de longitud fija 01199nam a2200325 4500
005 - Identificación de versión
campo de control 20251016081842.0
010 ## - Número Estándar Internacional de Libros (ISBN)
Número (ISBN) 968-186-026-8
035 ## - Otros números de control del sistema
Número de control del sistema 18294
099 ## - fechas locales
-- LIBRO
100 ## - Datos de procesamiento general
Datos de procesamiento general 19930801d1992 m y1spay5003 ba
101 1# - Idioma del recurso
Idioma del texto, banda sonora, etc. Español; Castellano
Idioma de la obra original Inglés
105 ## - Campo de datos codificados: Material textual, monográfico
Datos codificados de monografía a 001zy
200 1# - Título y mención de responsabilidad
Título propio Política y poder en México
Designación general del material texto impreso
Otra información del título formación y ocaso del cacicazgo avilacamachista en Puebla : 1937-1987
Primer mención de responsabilidad Wil Pansters
Declaración de responsabilidad subsiguiente traducción de Willy de Winter
210 ## - Publicación, distribución, etc.
Lugar de publicación, distribución, etc. Puebla [México]
Nombre del editor, distribuidor, etc. Universidad Autónoma de Puebla, Centro de Estudios Universitarios
Fecha de publicación, distribución, etc. 1992
215 ## - Descripción física
Designación de material específico y extensión del ítem 329 p
Otras características físicas il., tab.
Dimensiones 21 cm
300 ## - Notas generales
Texto de la nota Incluye bibliografía. Traducción de : Politics and Power in Puebla. The Political History of a Mexican State, 1937-1987
345 ## - Nota de información de adquisición
Fuente de adquisición/dirección de la suscripción [OBSOLETO] Donación
600 ## - Nombre personal usado como materia
Elemento de entrada Avila Camacho
Parte del nombre distinta del elemento de entrada Manuel
Fechas 1897-1955
Adiciones al nombre que no sean fechas pres. México
Número Koha 60
607 ## - Nombre geográfico utilizado como tema
Elemento de entrada Puebla (México)
Subdivisión temática Política y gobierno
Subdivisión cronológica 1937-1987
Número Koha 61
660 ## - Código de área geográfica
Código MX
700 ## - Nombre personal - Responsabilidad primaria
Elemento de entrada Pansters
Parte del nombre distinta del elemento de entrada Wil
Número Koha 62
702 ## - Nombre personal - Responsabilidad secundaria
Elemento de entrada Winter
Parte del nombre distinta del elemento de entrada Willy de
Número Koha 63
801 #0 - Fuente de origen
Agencia cm
900 ## -
-- 1/10271
900 ## -
-- 710935941\\010893
942 ## - ELEMENTOS DE ENTRADA SECUNDARIOS (KOHA)
-- LIBRO
996 ## -
-- MEX
-- 751145101
-- MMAG
-- 003370
-- 320.97 P196P
-- 20191004LIV
Exemplaires
Estatus retirado Estado de daño Estado de pérdida Fecha de adquisición Biblioteca de origen Biblioteca actual Ubicación en estantería Código de barras Precio de reemplazo Signatura topográfica completa No para préstamo Tipo de ítem Koha Nota pública Nota no pública
      05/08/2025 Casa México Paris Casa México Paris   003370 05/08/2025 320.97 P196P   Livre 20191004LIV 751145101